000 02201cam a22002054a 4500
005 20260114112530.0
008 250528s ||||||||||||||||||||||||d
035 _a17841
020 _a9786185067496
040 _aGR-AtMCL
_bgre
_dGR-AtMCL
_eAACR2
245 1 _aΤο Ψυχοθεραπευτικό Ταξίδι / Από το Φόβο της Σκιάς, στο Φώς της Επίγνωσης: Τέταρτη Έκδοση
250 _a
260 _bIwrite Publications,
_c2017
300 _a306
520 _aΤο παρόν βιβλίο ξεχωρίζει επειδή δε μένει σε ακαδημαϊκούς όρους και ξύλινες συνταγές, αλλά καταδύεται στο επίκεντρο των αγκυλώσεων και των νευρώνων μας για να ρίξει φως στα όσα μας καθηλώνουν, φωτίζοντας παράλληλα τις λύσεις που δεν μπορούμε άλλο να αναβάλλουμε. Πρόλογος, Εισαγωγή, Μοιράσματα Αυτογνωσίας, Στιγμές Ξαφνιάσματος από την Ψυχοθεραπεία, Απαντήσεις επί της Ψυχοθεραπευτικής Διαδικασίας, Οικογενειακές Υποθέσεις (Συνεξάρτηση - Υπερπροστασία - Ενηλικίωση), Κατάθλιψη, Κατανόηση και Εμπιστοσύνη και Αυτοπαράδοση στην Ψυχοθεραπεία, Ο Φόβος στις Συντροφικές Σχέσεις, Από το Φόβο της Σκιάς στο Φως της Επίγνωσης, Ψυχοθεραπεία και Εξυγίανση: Φόβος της Ανατροπής, Ο Φόβος και ο Θυμός ως Αγαπητικά Αιτήματα στις Σχέσεις, Με Αφορμή τη Θεραπευτική Διαδικασία, Το Εσωτερικό Παιδί και η Ψυχική Υγεία, Εξομολογήσεις Ενός Ψυχοθεραπευτή, Αντί Επιλόγου.
700 1 _aΒασιλειάδης, Γρηγόρης
_94125
942 _cBK
999 _c3241
_d3241